000 00906ngm a22003250a 4500
001 PT27138
003 AR-LpoUNG
005 20210201232253.0
007 co ||u|||uuuuu
008 191001s2003||||xxu|||||||||||||||||eng d
040 _aAR-LpoUNG
_bspa
_cAR-LpoUNG
_eaacr
041 _aeng
_aspa
044 _axxu
082 0 _aR423 156spe
100 1 _aGalimberti Jarman, Beatriz
_eed.
245 1 0 _aSpeakspanish :
_bfree with the Oxford spanish dictionary
260 _aNew York :
_bOxford University,
_c2003.
505 0 _aAcompaña al impreso
650 4 _aDICCIONARIOS
650 4 _aLENGUA INGLESA
650 4 _aLEXICOGRAFIA
650 4 _aMATERIAL DE REFERENCIA
650 4 _aTERMINOLOGIA
651 4 _aDOCUMENTOS TEORICOS O METODOLOGICOS
653 _aDICCIONARIOS BILINGÜES
653 _aDICCIONARIOS DE INGLES
700 1 _aRussell, Roy
_eed.
905 _a27138
942 _cLSALA
999 _c53203
_d53203